| 000 | 00868cam a22001694a 4500 | ||
|---|---|---|---|
| 005 | 20250605163654.0 | ||
| 008 | 250528s ||||||||||||||||||||||||d | ||
| 035 | _a24005 | ||
| 040 |
_aGR-AtMCL _bgre _dGR-AtMCL _eAACR2 |
||
| 245 | 1 | _aSupply Chain and Logistics / Το Περιοδικό για την Εφοδιαστική Αλυσίδα | |
| 260 |
_bParametros Group _bScl Magazine, _c2019 |
||
| 300 | _a112 | ||
| 520 | _aΗ Επιτυχία Έχει Τίτλο, 7η Έκθεση: Εφοδιαστική Αλυσίδα και Logistics - Cargo Truck και Van Expo 2019, Blockchain: Το Μέλλον του Εταιρικού Software, FDL Group Goes Paperless: Μια Περιβαλλοντική Καινοτομία με Μέλλον, Exchange: We Present you the Supply Chain Awards 2019. | ||
| 942 | _cCR | ||
| 999 |
_c8908 _d8908 |
||